=LDR 00000nam 2200000 4500 =001 INLIS000000000001348 =005 20130612085744 =008 ***********************************Ind** =035 ##$$0010-061300000001348 =041 ##$$a Ind =082 ##$$a 810.9 =090 ##$$a 810.9, Bio-b =100 ##$$a MULYANTO, R.I =245 ##$$a Biografi Pujangga Ranggawarsita, R.I. Mulyanto... [et.al] =260 ##$$a 1990 $b JAkarta =300 ##$$a x, 104 hlm, ilus, 21 cm =650 ##$$a Pujangga - Biografi =700 ##$$a SARTINI =850 ##$$a NBPNMAT